000 00274nam a22001097a 4500
008 160511b xxu||||| |||| 00| 0 eng d
020 _a1416043667
041 _aeng
080 _a611
245 _aRheumatic disease clinics of North America:
_cMichelle Petri;
942 _2udc
_cBK
999 _c2046
_d2046